Central Library OPAC University of Rajshahi

Molecular mycorrhizal symbiosis / (Record no. 81405)

MARC details
000 -LEADER
fixed length control field 00925nam a2200289 a 4500
001 - CONTROL NUMBER
control field 81405
003 - CONTROL NUMBER IDENTIFIER
rucl marc code BD-RjUL
005 - DATE AND TIME OF LATEST TRANSACTION
control field 20230517144137.0
008 - FIXED-LENGTH DATA ELEMENTS--GENERAL INFORMATION
fixed length control field 230517s2017 nju b 001 0 eng
020 ## - INTERNATIONAL STANDARD BOOK NUMBER
International Standard Book Number 9781118951415 (hardback)
035 ## - SYSTEM CONTROL NUMBER
System control number (BD-RjUL)81405
040 ## - CATALOGING SOURCE
Original cataloging agency DLC
Language of cataloging eng
Transcribing agency DLC
Description conventions rda
Modifying agency DLC
-- BD-RjUL
041 ## - LANGUAGE CODE
Language code of text/sound track or separate title eng
082 00 - DEWEY DECIMAL CLASSIFICATION NUMBER
Edition number 23
Classification number 595.7178
Author mark and year MAM 2017
245 00 - TITLE STATEMENT
Title Molecular mycorrhizal symbiosis /
Statement of responsibility, etc. edited by Francis Martin.
264 #1 - PRODUCTION, PUBLICATION, DISTRIBUTION, MANUFACTURE, AND COPYRIGHT NOTICE
Place of production, publication, distribution, manufacture Hoboken, New Jersey :
Name of producer, publisher, distributor, manufacturer Wiley Blackwell,
Date of production, publication, distribution, manufacture, or copyright notice 2017
300 ## - PHYSICAL DESCRIPTION
Pagination xx, 506 pages :
Illustrations illustrations ;
Size 25 cm
336 ## - CONTENT TYPE
Content type term text
Content type code txt
Source rdacontent
337 ## - MEDIA TYPE
Media type term unmediated
Media type code n
Source rdamedia
338 ## - CARRIER TYPE
Carrier type term volume
Carrier type code nc
Source rdacarrier
504 ## - BIBLIOGRAPHY, ETC. NOTE
Bibliography, etc Includes bibliographical references and index.
650 #0 - SUBJECT ADDED ENTRY--TOPICAL TERM
Topical term or geographic name as entry element Mycorrhizas.
9 (RLIN) 7535
Topical term or geographic name as entry element Plant-fungus relationships.
9 (RLIN) 7536
700 1# - ADDED ENTRY--PERSONAL NAME
Personal name Martin, Francis,
Dates associated with a name 1954- ,
Relator term editor.
942 ## - ADDED ENTRY ELEMENTS (KOHA)
Source of classification or shelving scheme Dewey Decimal Classification
Koha item type Books
Holdings
Lost status Source of classification or shelving scheme Damaged status Not for loan Collection code Permanent Location Current Location Shelving location Date acquired Source of acquisition Cost, normal purchase price Total Checkouts Full call number Date last seen Copy number Koha item type
  Dewey Decimal Classification   Not For Loan Non-fiction Central Library, University of Rajshahi Central Library, University of Rajshahi Reading Room 11/05/2023 Dhaka : BM Book 16088.00   595.7178 MAM 2017 17/05/2023 C-1 Books